Maisons de l'univers de Game of Thrones - Statistiques

Statistiques générales
  • Ce quiz a été pris 122 fois
  • Le résultat moyen est 15 sur 34
Statistiques - réponses
Par images Réponse % Correct
Stark
100%
Lannister
96%
Baratheon
95%
Targaryen
89%
Greyjoy
86%
Tully
84%
Arryn
81%
Tyrell
79%
Bolton
78%
Martell
74%
Frey
68%
Mormont
62%
Hightower
60%
Clegane
53%
Baelish
52%
Velaryon
42%
Tarly
41%
Mervault
33%
Dayne
32%
Karstark
25%
Glover
23%
Omble
19%
Bronn
16%
Manderly
16%
Reed
15%
Dondarrion
12%
Torth
12%
Selmy
11%
Mallister
10%
Payne
10%
Thorne
7%
Mouton
5%
Hollard
3%
Tallett
0%
Aucun quiz correspondant
Distribution des résultats
% des personnes avec chaque résultat
Percentile par nombre de réponses
Votre historique - résultats
Vous n’avez pas pris ce quiz